Integrated power electronic converters and digital control

Guardat en:
Dades bibliogràfiques
Autors principals: Emadi, Ali (Autor), Khaligh, Alireza (Autor), Nie, Zhong (Autor), Joo Lee, Young (Autor)
Format: Llibre
Idioma:anglès
Publicat: Boca Ratón CRC Press 2009
Col·lecció:Power Electronics and Applications Series
Matèries:
Etiquetes: Afegir etiqueta
Sense etiquetes, Sigues el primer a etiquetar aquest registre!

MARC

LEADER 00000cam a2200000 a 4500
001 UCF2674
003 CL-VaPUC
008 120830e20090000US |||||||||||||||||eng|d
020 |a 9781439800690 
082 0 4 |a 621.313  |b EMA  |2 21 
100 0 |a Emadi, Ali  |e author  |9 564408 
700 0 |a Khaligh, Alireza  |e author  |9 564409 
700 0 |a Nie, Zhong  |e author  |9 564410 
700 0 |a Joo Lee, Young  |e author  |9 564411 
245 1 0 |a Integrated power electronic converters and digital control 
300 |a 339 p 
942 |c BK 
945 |d 20120830 00:00:00  |a dcastane 
260 |a Boca Ratón  |b CRC Press  |c 2009 
650 0 |a Convertidores  |9 348439 
650 7 |a CONVERTIDORES ELECTRONICOS  |2 CL-VaPUC  |9 492420 
650 0 |a Electrónica de potencia  |9 263153 
650 0 |a Electricidad  |9 260222 
583 |a last modification  |c 20120830 10:25:00  |k Rodrigo Vera 
490 0 |a Power Electronics and Applications Series 
999 |c 349214  |d 349212 
952 |0 0  |1 0  |4 0  |6 621_313000000000000_EMA_2009  |7 0  |8 A  |9 451720  |a BIBING  |b BIBING  |d 2019-11-22  |i 4898176  |o 621.313 EMA 2009  |p 4898176  |r 2025-01-20  |w 2019-11-22  |y BK  |k EIE